| 000 | 00602nam a2200193 i 4500 | ||
|---|---|---|---|
| 001 | 138403 | ||
| 003 | ES-MaACL | ||
| 005 | 20250901041014.0 | ||
| 007 | t| | ||
| 008 | 070214s1967 sp r ||||1| spa d | ||
| 100 | 1 |
_aSandín Conejo, Celestino. _9103091 |
|
| 245 | 1 | 0 |
_aPedagogía de las emociones / _cCelestino Sandín Conejo. |
| 260 |
_aAlcoy : _bMarfil, _c1967. |
||
| 300 |
_a142 p. : _bil. ; _c21 cm. |
||
| 650 | 0 | 7 |
_aPsicología de la educación _2embne _916558 |
| 650 | 7 |
_aEmociones y sentimientos _2embne _912196 |
|
| 852 |
_aES-MaACL _jC-32071 _bR.62556 |
||
| 999 |
_c138403 _d138403 |
||